000 01041nam a22002777a 4500
001 BR8007792
003 BR-BrBNA
005 20230928090908.0
007 ta
008 230509b bl.||||| |||| 00| 0 por d
040 _aBR-BrBNA
_bpor
_cBiblioteca Nacional de Agricultura
041 _a(Por)
072 _aF06
_b/G514
090 _ F06 BR8007792
110 1 _aAssociacao de Credito e Assistencia Rural de Santa Catarina, Florianopolis (Brasil);
110 1 _aEmpresa de Assistencia Tecnica e Extensao Rural do Estado de Santa Catarina, Florianopolis (Brasil)
_94031
245 1 _aPrograma de aproveitamento racional de varzeas irrigaveis de Santa Catarina - PROVARZEAS - Santa Catarina [Brasil]
260 3 _aFlorianopolis, SC (Brasil):
_c1980.
300 _a13 p.
500 _a(*) Documento disponível no(a) Associacao de Credito e Assistencia Rural de Santa Catarina, Florianopolis (Brazil)
650 _aIRRIGACAO
650 _aVARZEA
650 _aSANTA CATARINA
909 _a202309
_bLucia
_c55
_dLucia Elande
942 _cBK
999 _c31149
_d31149